Normal view
MARC view
Entry Topical Term
001 - CONTROL NUMBER
- control field: 14614
003 - CONTROL NUMBER IDENTIFIER
- control field: ARRUPE
005 - DATE AND TIME OF LATEST TRANSACTION
- control field: 20150123143049.0
008 - FIXED-LENGTH DATA ELEMENTS
- fixed length control field: 150123|| aca||aabn | a|a d
040 ## - CATALOGING SOURCE
- Original cataloging agency: ARRUPE
- Transcribing agency: ARRUPE
150 ## - HEADING--TOPICAL TERM
- Topical term or geographic name as entry element: Agriculture
- General subdivision: Economic aspects
- Geographic subdivision: Zimbabwe.
670 ## - SOURCE DATA FOUND
- Source citation: Work cat.: (ARRUPE)0: Rhodesia and Nyasaland. 14613, An agricultural survey of Southern Rhodesia /, [1960-